| 000 | 01193nam a22002537a 4500 | ||
|---|---|---|---|
| 999 |
_c1356 _d1356 |
||
| 003 | AR-CdUCM | ||
| 008 | 190226b ||||| |||| 00| 0 spa d | ||
| 020 | _a9506942579 | ||
| 040 |
_aMUNICIPALIDAD PROVINCIAL DEL CUSCO _cBIBLIOTECA MUNICIPAL DEL CUSCO |
||
| 041 | _heng | ||
| 082 |
_a327 / _bK42 |
||
| 100 |
_aKeohane, Robert O. _95190 |
||
| 245 |
_aInstituciones internacionales y poder estatal : _bensayos sobre teoría de las relaciones internacionales / |
||
| 260 |
_aBuenos Aires : _bGrupo Editor Latinoamericano, _c1993. |
||
| 300 |
_a348 páginas ; _c23 cm. |
||
| 440 |
_aColecciones Estudios Internacionales. _95191 |
||
| 505 | _aContenido: Institucionalismo neoliberal -- Una historia intelectual propia -- Instituciones internacionales y practicas -- Teoría de la política mundial -- La teoría de la estabilidad hegemónica y los cambios en los regímenes económicos internacionales -- La demanda de regímenes internacionales -- Instituciones internacionales ... | ||
| 650 |
_aRelaciones internacionales _93395 |
||
| 650 |
_aPolítica mundial _93360 |
||
| 650 |
_aTeorías _95192 |
||
| 700 |
_aPiña Cristina (traducción) _95193 |
||
| 942 |
_2ddc _cLIBROS |
||
| 945 | _aachl | ||